000
00324nam a2200121 4500
999
_c
10858
_d
10858
003
OSt
005
20221019130459.0
008
221019b ||||| |||| 00| 0 eng d
100
_a
B Gallion and Simon Eisner
245
_a
The Urban pattern city planning and design
260
_a
New York
_b
Van Nostrand company
942
_2
ddc